LIBRARY & INFORMATION CENTRE, KCAET, TAVANUR

ONLINE PUBLIC ACCESS CATALOGUE (OPAC)

english literature of the eighteen century / (Record no. 11559)

MARC details
000 -LEADER
fixed length control field 00362cam a2200133ua 4500
041 ## - LANGUAGE CODE
Language code of text/sound track or separate title eng
082 ## - DEWEY DECIMAL CLASSIFICATION NUMBER
Classification number 828.09
Item number CHU/EN
100 ## - MAIN ENTRY--AUTHOR NAME
Personal name Cherchill, R,\.C .
245 ## - TITLE STATEMENT
Title english literature of the eighteen century /
260 ## - PUBLICATION, DISTRIBUTION, ETC. (IMPRINT)
Place of publication :
Name of publisher University National press ,
Year of publication 1961.
300 ## - PHYSICAL DESCRIPTION
Number of Pages 319 ; .

No items available.

free website counter